LIBRARY & INFORMATION CENTRE, KCAET, TAVANUR

ONLINE PUBLIC ACCESS CATALOGUE (OPAC)

Agriculture in the tropics / (Record no. 7372)

MARC details
000 -LEADER
fixed length control field 00491cam a2200193ua 4500
020 ## - INTERNATIONAL STANDARD BOOK NUMBER
ISBN 0 582 46814 0
041 ## - LANGUAGE CODE
Language code of text/sound track or separate title eng
082 ## - DEWEY DECIMAL CLASSIFICATION NUMBER
Classification number 630.913
Item number WEB/AG
100 ## - MAIN ENTRY--AUTHOR NAME
Personal name Webster, C C .
245 ## - TITLE STATEMENT
Title Agriculture in the tropics /
250 ## - EDITION STATEMENT
Edition statement 2 /
260 ## - PUBLICATION, DISTRIBUTION, ETC. (IMPRINT)
Place of publication London :
Name of publisher Longman Group Limited ,
Year of publication 1980.
300 ## - PHYSICAL DESCRIPTION
Number of Pages 640 ; .
700 1# - ADDED ENTRY--PERSONAL NAME
Personal name Wilson, P N .
942 ## - ADDED ENTRY ELEMENTS (KOHA)
Koha item type Books
Holdings
Withdrawn status Lost status Damaged status Home library Current library Date acquired Full call number Accession Number Koha item type
      KAUAET KAUAET 22/08/1986 630.913 15502 Books
free website counter